| 000 | 01065nam a2200337 a 4500 | ||
|---|---|---|---|
| 001 | 000116228 | ||
| 003 | CHAP | ||
| 005 | 20220329144606.0 | ||
| 008 | 191010s2013 mx |r| ||||||spa d | ||
| 010 | _a112689 | ||
| 011 | _a113661 | ||
| 020 | _a978-607-7923-10-7 (COMIE) | ||
| 020 | _a9786074510782 (ANUIES) | ||
| 040 | _cCHAP | ||
| 082 | 0 | 4 |
_a371.909051 _bA65 |
| 245 | 0 | 0 |
_aAprendizaje y desarrollo 2002-2011 / _ccoordinado por Mercedes de Agüero Servín. |
| 260 |
_aMéxico, D.F. : _bANUIES _bCOMIE, _c2013. |
||
| 300 | _a276 p. | ||
| 490 | _aColección estados del conocimiento | ||
| 590 |
_aBATCH-UPD _b05 _c20191010 _lUCH01 _h1022 |
||
| 590 |
_aE5765TAJ _b05 _c20191010 _lUCH01 _h1022 |
||
| 590 |
_aE5765TAJ _b05 _c20191010 _lUCH01 _h1025 |
||
| 590 |
_aE5765TAJ _b05 _c20191010 _lUCH01 _h1039 |
||
| 650 | 1 | 4 |
_aAprendizaje social. _9137007 |
| 650 | 1 | 4 |
_aEducación de adultos. _935562 |
| 700 | 1 |
_aAgüero Servín, Mercedes de _ecoord. _9137006 |
|
| 830 | 0 |
_aColección estados del conocimiento _9129151 |
|
| 901 | _aBK | ||
| 942 | _cLIBRO | ||
| 942 | _n0 | ||
| 999 |
_c112689 _d112689 |
||